00616nam a2200181 a 450000100100000000500170001000800410002704000250006804100080009324501200010126000350022130000270025649000220028370000290030570000340033471000440036883000220041200004447520201002045412.0140702s1996 dr a 000 0 spa d aDO-SdBNPbspacBNPHU17aeng00aSummer adventures :bEnglish 4th-6th grade /cilustración Rafael Mulett Irrizarry ; coordinador Ivelisse Morales. aSanto Domingo :bCONEP,c1996. a68 p. :bil. ;c28 cm.1 aSummer adventures12aMorales, Ivelisseecoor.12aMulett Irrizarry, Rafaeleil.2 aConsultores Educativos y Psicológicos 0aSummer adventures